[Event "9th Sunway Sitges 2022"]
[Site "Sitges ESP"]
[Date "2022.12.12"]
[Round "1.27"]
[White "Kraemer, Martin"]
[Black "Lorscheid, Gerhard"]
[Result "1-0"]
[WhiteTitle "GM"]
[BlackTitle "FM"]
[WhiteElo "2583"]
[BlackElo "2137"]
[WhiteFideId "4671910"]
[BlackFideId "4606000"]
[EventDate "2022.12.12"]

1. e4 d6 2. d4 Nf6 3. Nc3 e5 4. Nf3 Nbd7 5. Bc4 Be7 6. O-O O-O 7. a4 c6 8. h3 h6
9. Re1 Re8 10. a5 Rb8 11. Bb3 exd4 12. Nxd4 Nc5 13. Bf4 Nxb3 14. cxb3 Bd7 15.
Qf3 Rc8 16. Bg3 b5 17. axb6 Qxb6 18. Qd3 a5 19. Rad1 d5 20. e5 Ne4 21. Nxe4 dxe4
22. Rxe4 c5 23. e6 fxe6 24. Nf3 Bc6 25. Rxe6 Rcd8 26. Qc2 Rxd1+ 27. Qxd1 Bxf3
28. Qd7 Qd8 29. Qxd8 Rxd8 30. Rxe7 Bd5 31. Be5 Bf7 32. Ra7 Rd5 33. Bc3 Rg5 34.
f4 Rd5 35. Rxa5 g5 36. fxg5 hxg5 37. g4 Kh7 38. Kf2 Kh6 39. Ra6+ Kh7 40. Rc6 Be8
41. Rc7+ Kg6 42. Rg7+ Kh6 43. Re7 Bg6 44. Bg7+ Kh7 45. Be5+ Kg8 46. Rg7+ Kf8 47.
Rxg6 Rxe5 48. Rd6 1-0

[Event "9th Sunway Sitges 2022"]
[Site "Sitges ESP"]
[Date "2022.12.12"]
[Round "1.28"]
[White "Fanninger, Leon"]
[Black "Svane, Frederik"]
[Result "0-1"]
[BlackTitle "GM"]
[WhiteElo "2136"]
[BlackElo "2568"]
[WhiteFideId "1649400"]
[BlackFideId "12923044"]
[EventDate "2022.12.12"]

1. Nf3 c5 2. g3 Nc6 3. Bg2 g6 4. c4 Bg7 5. Nc3 d6 6. O-O Bf5 7. d3 Qd7 8. a3 Bh3
9. Rb1 Bxg2 10. Kxg2 h6 11. Bd2 e6 12. b4 Nge7 13. Qa4 O-O 14. bxc5 dxc5 15. Ne4
b6 16. Bxh6 f5 17. Bxg7 fxe4 18. Ne5 Nxe5 19. Qxd7 Nxd7 20. Bxf8 Kxf8 21. dxe4
Ne5 22. Rfc1 Rd8 23. f4 Ng4 24. h3 Nf6 25. e5 Ne4 26. Rd1 Rd4 27. Rxd4 cxd4 28.
Rd1 Nf5 29. Kf3 Nexg3 30. a4 Ke7 31. a5 bxa5 32. Ra1 a6 33. c5 Kd7 34. Rxa5 Nf1
35. Rxa6 Nd2+ 36. Kg4 Ne4 37. c6+ Kc7 38. Kf3 Nc3 39. Kf2 Nd5 40. Kf3 Nb4 41.
Ra8 Nxc6 42. Rg8 Nce7 43. Rh8 Kc6 44. h4 Kd5 45. Rd8+ Kc4 46. Rh8 Ng7 47. Ra8
Kc3 48. Ra3+ Kc2 49. Rd3 Ngf5 50. Kg4 Nd5 51. Rh3 Kd2 52. Kf3 Nc3 53. Rh2 Ne3
54. Rf2 Ke1 55. Rh2 Nf1 56. Rf2 Nd2+ 57. Kg2 Nde4 58. Rf1+ Kxe2 59. h5 gxh5 60.
f5 exf5 61. Rxf5 Nd5 62. Rf7 d3 63. Rd7 Nf4+ 64. Kh2 d2 65. e6 Nxe6 0-1

[Event "9th Sunway Sitges 2022"]
[Site "Sitges ESP"]
[Date "2022.12.12"]
[Round "1.29"]
[White "Tin, Jingyao"]
[Black "Villar Reymundo, Juan Antonio"]
[Result "1-0"]
[WhiteTitle "GM"]
[WhiteElo "2562"]
[BlackElo "2135"]
[WhiteFideId "5804418"]
[BlackFideId "3802744"]
[EventDate "2022.12.12"]

1. c4 e5 2. g3 d6 3. Bg2 f5 4. Nc3 Nf6 5. e3 g6 6. Nge2 Bg7 7. O-O a5 8. d3 Na6
9. b3 c6 10. a3 Nc7 11. Rb1 Be6 12. b4 axb4 13. Rxb4 Bc8 14. Na4 Ra7 15. Rb1 O-O
16. Nb6 Be6 17. a4 Bf7 18. Bd2 d5 19. Qc2 Re8 20. cxd5 Nfxd5 21. Nxd5 Bxd5 22.
e4 Bf7 23. Be3 Ra6 24. Rxb7 Ne6 25. exf5 gxf5 26. Bxc6 Re7 27. Rfb1 Rxb7 28.
Bxb7 Rd6 29. Qc8 Rxd3 30. a5 1-0

[Event "9th Sunway Sitges 2022"]
[Site "Sitges ESP"]
[Date "2022.12.12"]
[Round "1.30"]
[White "Ezquerro Luque, Albert"]
[Black "Alsina Leal, Daniel"]
[Result "0-1"]
[BlackTitle "GM"]
[WhiteElo "2134"]
[BlackElo "2527"]
[WhiteFideId "2276682"]
[BlackFideId "2252627"]
[EventDate "2022.12.12"]

1. e4 c5 2. Nc3 e6 3. f4 d5 4. Bb5+ Bd7 5. Bxd7+ Qxd7 6. d3 Nc6 7. Nf3 dxe4 8.
dxe4 Qxd1+ 9. Nxd1 Nf6 10. Nf2 Nb4 11. Kd2 c4 12. a3 Na6 13. Ke2 Nc5 14. Nd2 c3
15. bxc3 Na4 16. c4 Bc5 17. Kf3 Bxf2 18. Kxf2 e5 19. g3 O-O-O 20. Kf3 Rhe8 21.
Re1 Rd4 22. Rb1 exf4 23. Rb4 Nc5 24. Nb3 Nxb3 25. cxb3 fxg3 26. hxg3 Nxe4 27.
Bf4 Ng5+ 28. Kf2 Nh3+ 0-1

[Event "9th Sunway Sitges 2022"]
[Site "Sitges ESP"]
[Date "2022.12.12"]
[Round "1.31"]
[White "Arjun, Kalyan"]
[Black "Mahitosh, Dey"]
[Result "1/2-1/2"]
[WhiteTitle "GM"]
[BlackTitle "FM"]
[WhiteElo "2505"]
[BlackElo "2134"]
[WhiteFideId "35018701"]
[BlackFideId "25091468"]
[EventDate "2022.12.12"]

1. e4 e5 2. Nf3 Nf6 3. Nxe5 d6 4. Nf3 Nxe4 5. Bd3 Nc5 6. Be2 d5 7. d4 Ne4 8. O-O
Bd6 9. c4 dxc4 10. Bxc4 O-O 11. Re1 Nf6 12. Nc3 Bg4 13. h3 Bh5 14. g4 Bg6 15.
Bg5 h6 16. Bh4 Bh7 17. Ne5 g5 18. Bg3 Nc6 19. f4 Kg7 20. f5 Nd7 21. Kg2 Nb6 22.
Bb5 Nb4 23. a3 N4d5 24. Nxd5 Nxd5 25. Qb3 Nb6 26. Rad1 f6 27. Bc4 Nxc4 28. Nxc4
Bxg3 29. Kxg3 Bg8 30. Qb4 Rf7 31. Qxb7 c5 32. Qa6 Rd7 33. Ne5 fxe5 34. dxe5 Rxd1
35. Rxd1 Qxd1 36. Qf6+ Kh7 37. Qg6+ Kh8 38. Qf6+ Kh7 39. Qg6+ Kh8 40. Qxh6+ Bh7
41. Qf6+ Kg8 42. Qxg5+ Kh8 43. Qf6+ Kg8 44. Qe6+ Kh8 45. Qf6+ Kg8 1/2-1/2

[Event "9th Sunway Sitges 2022"]
[Site "Sitges ESP"]
[Date "2022.12.12"]
[Round "1.32"]
[White "Devnani, Kush"]
[Black "Nevednichy, Vladislav"]
[Result "1/2-1/2"]
[BlackTitle "GM"]
[WhiteElo "2134"]
[BlackElo "2502"]
[WhiteFideId "45093806"]
[BlackFideId "1205730"]
[EventDate "2022.12.12"]

1. d4 Nf6 2. c4 d6 3. Nf3 g6 4. Nc3 Bg7 5. e4 Bg4 6. Be2 Bxf3 7. Bxf3 e5 8. d5
h5 9. Be2 Nbd7 10. Be3 Bh6 11. Bxh6 Rxh6 12. Qc1 Rh8 13. b4 Kf8 14. O-O Kg7 15.
h3 Qe7 16. Qe3 Rhc8 17. Rfd1 Ng8 18. Bd3 Nh6 19. Ne2 h4 20. Rac1 a5 21. a3 axb4
22. axb4 Ra4 23. Rb1 f5 24. exf5 gxf5 25. Nd4 Qf6 26. Ne6+ Kh8 27. Bc2 Raa8 28.
Qg5 Qxg5 29. Nxg5 Nf8 30. Ra1 Kg7 31. c5 Kf6 32. Nf3 Ng6 33. Kf1 Nf7 34. Nd2 Ne7
35. Rxa8 Rxa8 36. Nc4 Rd8 37. cxd6 cxd6 38. g3 e4 39. g4 Ne5 40. Ne3 Rc8 41.
gxf5 Nxf5 42. Bxe4 Nxe3+ 43. fxe3 Rc3 44. Ke2 Rb3 45. Rf1+ Ke7 46. Rf4 Rb2+ 47.
Kd1 Rxb4 48. Rxh4 Nc4 49. Ke2 Rb3 50. Bd3 Rb2+ 51. Ke1 Ne5 52. Be4 b5 53. Rh7+
Kf8 54. h4 Rb4 55. Bg2 Ng4 56. Rh8+ Ke7 57. h5 Nxe3 58. Bf3 Nf5 59. h6 Rh4 60.
h7 Kf7 61. Rb8 Rxh7 62. Rb7+ Kg6 63. Rxb5 Rh8 64. Rb4 Rh2 65. Re4 Rb2 66. Re2
Rb3 67. Re6+ Kg5 68. Be4 Nd4 69. Re8 Kf4 70. Kd2 Ra3 71. Bd3 Nb3+ 72. Kd1 Nc5
73. Bc2 Rh3 74. Re1 Rh5 75. Rf1+ Ke3 76. Kc1 Nd3+ 77. Bxd3 Kxd3 78. Rd1+ Kc3 79.
Kb1 Rh2 80. Kc1 Rc2+ 81. Kb1 Rb2+ 82. Kc1 Rb5 83. Rd2 Ra5 84. Kd1 Ra1+ 85. Ke2
Rh1 86. Rd1 Rh5 87. Ke3 Re5+ 88. Kf4 Kc4 89. Kf3 Rxd5 90. Rc1+ Kd4 91. Rd1+ Ke5
92. Re1+ Kf5 93. Re8 Ra5 94. Re1 Kf6 95. Re8 Kf7 96. Re3 Rf5+ 97. Ke2 Re5 98.
Rxe5 dxe5 1/2-1/2

[Event "9th Sunway Sitges 2022"]
[Site "Sitges ESP"]
[Date "2022.12.12"]
[Round "1.33"]
[White "Gines Esteo, Pedro Antonio"]
[Black "Gugan G"]
[Result "1-0"]
[WhiteTitle "GM"]
[WhiteElo "2500"]
[BlackElo "2126"]
[WhiteFideId "32080190"]
[BlackFideId "45092931"]
[EventDate "2022.12.12"]

1. c4 e5 2. Nc3 Nf6 3. Nf3 Nc6 4. g3 d5 5. cxd5 Nxd5 6. Bg2 Be6 7. O-O Nb6 8. b3
Be7 9. Bb2 O-O 10. Rc1 f5 11. d3 Kh8 12. Nd2 Bf6 13. Na4 Nxa4 14. bxa4 Bxa2 15.
Nc4 Bxc4 16. Rxc4 Na5 17. Rc5 b6 18. Rxa5 bxa5 19. Bxa8 Qxa8 20. Qd2 Qd5 21. Rc1
Rc8 22. Rc4 Be7 23. Qe3 Bd6 24. f3 Rb8 25. Bc3 Rb6 26. Qg5 f4 27. Kg2 h6 28. Qg6
fxg3 29. hxg3 Kg8 30. Qe8+ Kh7 31. Rg4 Qg8 32. Qd7 Rb3 33. Bxe5 Bxe5 34. Qf5+
Kh8 35. Qxe5 Rb4 36. Qxc7 Rxg4 37. fxg4 Qd5+ 38. Kf1 Qh1+ 39. Kf2 Qh2+ 40. Ke3
Kh7 41. Qe5 Qg1+ 42. Kd2 Qb6 43. Qf5+ Kh8 44. Qb5 Qd6 45. Qxa5 Qxg3 46. Qxa7
Qf4+ 47. Kc2 Kh7 48. Qd7 Qe3 49. Qf5+ Kh8 50. Qe4 Qc5+ 51. Kd2 Qg5+ 52. Kd1 g6
53. a5 Qxa5 54. Qxg6 Qa1+ 55. Kd2 Qb2+ 56. Ke1 Qc1+ 57. Kf2 Qf4+ 58. Kg2 Qe3 59.
Qf6+ Kg8 60. Qf3 Qg5 61. Qe4 Qd2 62. Qe6+ Kg7 63. Qe5+ Kg8 64. d4 Kf7 65. d5 Qb4
66. Qe6+ Kg7 67. d6 Qb7+ 68. Kg3 1-0

[Event "9th Sunway Sitges 2022"]
[Site "Sitges ESP"]
[Date "2022.12.12"]
[Round "1.34"]
[White "Koehler, Ronald"]
[Black "Sankalp, Gupta"]
[Result "0-1"]
[BlackTitle "GM"]
[WhiteElo "2118"]
[BlackElo "2485"]
[WhiteFideId "4623673"]
[BlackFideId "5097010"]
[EventDate "2022.12.12"]

1. d4 Nf6 2. c4 e6 3. Nf3 d5 4. Nc3 a6 5. c5 Nc6 6. Bf4 g6 7. h3 Bg7 8. e3 O-O
9. Be2 Ne4 10. O-O f5 11. Bh2 Bd7 12. Qc2 Be8 13. Rab1 g5 14. Ne5 Nxe5 15. Nxe4
fxe4 16. dxe5 Bb5 17. Bxb5 axb5 18. c6 b6 19. a3 Qe8 20. Rbc1 Rf5 21. Qb3 Ra5
22. Qc3 Qg6 23. f3 Ra4 24. b4 Ra8 25. Rc2 h5 26. Rcf2 Bh6 27. Bg3 Raf8 28. Qd4
exf3 29. gxf3 Qe8 30. e4 dxe4 31. Qxe4 Qd8 32. Kg2 Bg7 33. Re1 Qa8 34. Re3 Rd8
35. Rd3 Rxd3 36. Qxd3 Qxc6 37. Rc2 Rxf3 38. Rxc6 Rxd3 39. Rxc7 Rxg3+ 0-1

[Event "9th Sunway Sitges 2022"]
[Site "Sitges ESP"]
[Date "2022.12.12"]
[Round "1.35"]
[White "Clarke, Brandon G I"]
[Black "Kocak, Ediz"]
[Result "1-0"]
[WhiteTitle "IM"]
[WhiteElo "2484"]
[BlackElo "2115"]
[WhiteFideId "400319"]
[BlackFideId "16219481"]
[EventDate "2022.12.12"]

1. e4 e5 2. Nf3 Nc6 3. Bb5 Nf6 4. O-O Nxe4 5. d4 Nd6 6. Bxc6 dxc6 7. dxe5 Nf5 8.
Qxd8+ Kxd8 9. h3 Ke8 10. Nc3 h5 11. Bf4 Be6 12. Rad1 Be7 13. Ng5 Rh6 14. Rfe1
Rd8 15. Rxd8+ Bxd8 16. Nce4 Be7 17. Nf6+ gxf6 18. Nxe6 fxe6 19. Bxh6 Nxh6 20.
exf6 Bxf6 21. Rxe6+ Kf7 22. Re4 Nf5 23. c3 b5 24. g4 Nd6 25. Re2 hxg4 26. hxg4
c5 27. Kg2 a5 28. f4 b4 29. g5 Bg7 30. cxb4 axb4 31. b3 c4 32. bxc4 c5 33. Kf3
Nxc4 34. f5 Bd4 35. Re6 Nd2+ 36. Kf4 c4 37. g6+ 1-0

[Event "9th Sunway Sitges 2022"]
[Site "Sitges ESP"]
[Date "2022.12.12"]
[Round "1.36"]
[White "Arhan, Chethan Anand"]
[Black "Aditya, Mittal"]
[Result "1/2-1/2"]
[BlackTitle "IM"]
[WhiteElo "2112"]
[BlackElo "2479"]
[WhiteFideId "45062510"]
[BlackFideId "35042025"]
[EventDate "2022.12.12"]

1. e4 c5 2. Nf3 d6 3. Bb5+ Bd7 4. Bxd7+ Nxd7 5. O-O e6 6. Qe2 Ngf6 7. Nc3 a6 8.
a4 Qa5 9. d3 b5 10. e5 b4 11. exf6 bxc3 12. fxg7 Bxg7 13. b3 Qb4 14. a5 Ne5 15.
Ra4 Qb7 16. Nxe5 Bxe5 17. Be3 Rg8 18. g3 Qd5 19. f4 Bh8 20. Rd1 Ke7 21. d4 cxd4
22. Bxd4 Bxd4+ 23. Rdxd4 Qc5 24. Qe4 Rab8 25. Kg2 f5 26. Qd3 Qc6+ 27. Qf3 Qxf3+
28. Kxf3 d5 29. Rdb4 Kd6 30. Rb6+ Rxb6 31. axb6 Kc6 32. Rxa6 Rg6 33. Ra7 Rh6 34.
b7 Kc7 35. h4 Kb8 36. Ra5 Kxb7 37. Rc5 Rg6 38. Rxc3 Rg8 39. Re3 Re8 40. g4 fxg4+
41. Kxg4 Kc6 42. Kg5 Kd6 43. Kh6 Rf8 44. Rf3 Rf7 45. h5 Ke7 46. c4 dxc4 47. bxc4
Kf6 48. c5 Kf5 49. Rg3 Kxf4 50. Rg7 Rf6+ 51. Kxh7 Rf5 52. h6 Rxc5 53. Kg8 Rh5
54. h7 e5 55. Rf7+ Kg4 56. Re7 Kf4 57. h8=Q Rxh8+ 58. Kxh8 e4 59. Kg7 e3 60. Kg6
Kf3 61. Kg5 e2 62. Kh4 Kf2 63. Rf7+ Kg2 64. Re7 Kf2 65. Rxe2+ Kxe2 1/2-1/2

[Event "9th Sunway Sitges 2022"]
[Site "Sitges ESP"]
[Date "2022.12.12"]
[Round "1.37"]
[White "Gokerkan, Cem Kaan"]
[Black "Itzhaky, Shmuel"]
[Result "1-0"]
[WhiteTitle "IM"]
[WhiteElo "2470"]
[BlackElo "2109"]
[WhiteFideId "6336760"]
[BlackFideId "2810140"]
[EventDate "2022.12.12"]

1. e4 e6 2. d4 d5 3. Nd2 dxe4 4. Nxe4 Nd7 5. Nf3 Ngf6 6. Nxf6+ Nxf6 7. c3 c5 8.
Be3 Qc7 9. Bb5+ Bd7 10. Bxd7+ Nxd7 11. d5 exd5 12. Qxd5 Nf6 13. Qe5+ Qxe5 14.
Nxe5 Nd5 15. O-O-O Nxe3 16. fxe3 f6 17. Nc4 b6 18. Rd5 Rd8 19. Rhd1 Rxd5 20.
Rxd5 g6 21. a4 Ke7 22. e4 Bh6+ 23. Kc2 Rd8 24. g3 Rd7 25. a5 b5 26. Na3 a6 27.
Rxc5 Rd2+ 28. Kb3 Kd6 29. Rc8 Rxh2 30. Ra8 Rg2 31. Rxa6+ Ke5 32. Ra8 Be3 33.
Re8+ Kd6 34. Nxb5+ Kc5 35. Ka4 Kc6 36. Re6+ Kc5 37. b4+ Kc4 38. Rc6+ Kd3 39.
Rxf6 Kxe4 40. a6 Ke5 41. Rc6 g5 42. c4 Rxg3 43. c5 1-0

[Event "9th Sunway Sitges 2022"]
[Site "Sitges ESP"]
[Date "2022.12.12"]
[Round "1.38"]
[White "Hristodorescu, Daniel"]
[Black "Samant, Aditya S"]
[Result "0-1"]
[WhiteTitle "FM"]
[BlackTitle "IM"]
[WhiteElo "2108"]
[BlackElo "2470"]
[WhiteFideId "1203100"]
[BlackFideId "35080580"]
[EventDate "2022.12.12"]

1. e4 c5 2. Nf3 d6 3. Bb5+ Nd7 4. O-O a6 5. Bd3 Ngf6 6. Re1 e6 7. a4 b6 8. c3
Bb7 9. Bc2 c4 10. Na3 Rc8 11. Qe2 Qc7 12. d3 cxd3 13. Bxd3 Nc5 14. Nd2 Nxd3 15.
Qxd3 Be7 16. Nc2 O-O 17. Nf1 Nd7 18. Nd4 Nc5 19. Qc2 Bf6 20. f3 d5 21. exd5 Bxd5
22. Be3 Bc4 23. b3 Bd3 24. Qa2 Bg6 25. Red1 Nd3 26. Ne2 b5 27. axb5 axb5 28. Qa5
b4 29. cxb4 Bxa1 30. Rxa1 Qb7 31. b5 Ra8 32. Ba7 Nc5 33. Ra3 Nxb3 34. Qb4 Rxa7
35. Rxa7 Qxa7+ 36. b6 Qa6 0-1

[Event "9th Sunway Sitges 2022"]
[Site "Sitges ESP"]
[Date "2022.12.12"]
[Round "1.39"]
[White "Wadsworth, Matthew J"]
[Black "Panjer, Sidney"]
[Result "1-0"]
[WhiteTitle "IM"]
[WhiteElo "2470"]
[BlackElo "2100"]
[WhiteFideId "415804"]
[BlackFideId "16207041"]
[EventDate "2022.12.12"]

1. Nf3 d5 2. g3 Nd7 3. d4 Nb6 4. Nbd2 Bf5 5. Nh4 Bg4 6. h3 Bh5 7. Ng2 Nf6 8. Nf4
Bg6 9. Nxg6 hxg6 10. Bg2 c6 11. a4 a5 12. e4 e6 13. e5 Nfd7 14. Nf3 c5 15. O-O
Be7 16. dxc5 Nxc5 17. b3 Nbd7 18. Be3 Rc8 19. Rc1 O-O 20. h4 Ne4 21. c4 dxc4 22.
Qd4 Nec5 23. Qxc4 Qb6 24. Rfd1 Qb4 25. Qxb4 axb4 26. Rc4 Nb6 27. Rxb4 Ncxa4 28.
bxa4 Bxb4 29. Bxb6 Bc5 30. Bxc5 Rxc5 31. Bf1 Rfc8 32. Rd7 R5c7 33. Rd4 Rc1 34.
Kg2 R1c5 35. Bb5 Kf8 36. Ng5 Rd5 37. Rf4 Rxe5 38. Rxf7+ Kg8 39. Rxb7 1-0

[Event "9th Sunway Sitges 2022"]
[Site "Sitges ESP"]
[Date "2022.12.12"]
[Round "1.41"]
[White "Velten, Paul"]
[Black "Coles, Ruben"]
[Result "1-0"]
[WhiteTitle "GM"]
[WhiteElo "2465"]
[BlackElo "2098"]
[WhiteFideId "681091"]
[BlackFideId "551017822"]
[EventDate "2022.12.12"]

1. d4 d5 2. c4 e6 3. Nf3 Nf6 4. Qc2 Bd6 5. Nbd2 O-O 6. g3 c6 7. Bg2 b6 8. O-O
Bb7 9. e4 Be7 10. Rd1 Na6 11. a3 c5 12. exd5 exd5 13. dxc5 Nxc5 14. b4 Ne6 15.
Bb2 Rc8 16. Qb3 Qc7 17. Rac1 dxc4 18. Nxc4 Qb8 19. Ne3 Be4 20. Ne5 Bxg2 21. Kxg2
Qb7+ 22. f3 Rxc1 23. Rxc1 Rd8 24. Rc2 Bf8 25. Nc6 Rd6 26. b5 Nc5 27. Qc4 Nd3 28.
Nf5 Rd5 29. Bxf6 Ne1+ 30. Kf2 Rxf5 31. Kxe1 Rxf6 32. Rd2 Rxf3 33. Rd8 Qc7 34.
Qe4 Rf6 35. Ne7+ 1-0

[Event "9th Sunway Sitges 2022"]
[Site "Sitges ESP"]
[Date "2022.12.12"]
[Round "1.42"]
[White "Chulis, Alexander"]
[Black "Ayats Llobera, Gerard"]
[Result "0-1"]
[BlackTitle "IM"]
[WhiteElo "2097"]
[BlackElo "2464"]
[WhiteFideId "1607588"]
[BlackFideId "32067607"]
[EventDate "2022.12.12"]

1. e4 e5 2. Bc4 Nf6 3. d4 exd4 4. Nf3 Bb4+ 5. c3 dxc3 6. O-O O-O 7. bxc3 Be7 8.
e5 Ne8 9. Qd4 d6 10. Rd1 Bf5 11. Ba3 Nc6 12. Qe3 Bg4 13. Bd5 Nxe5 14. Nxe5 Bxd1
15. Bxb7 dxe5 16. Bxe7 Qxe7 17. Bxa8 Nf6 18. Qxa7 Bh5 19. Na3 Qd8 20. Bc6 Qd6
21. Qa4 Qc5 22. Rc1 Be2 23. h3 e4 24. Re1 Bd3 25. c4 Rb8 26. Bb7 h6 27. Nb5 Kh7
28. Ba8 Qxc4 29. Qxc4 Bxc4 30. Nxc7 Rc8 31. Bxe4+ Nxe4 32. Rxe4 Rxc7 33. a4 Be6 0-1

[Event "9th Sunway Sitges 2022"]
[Site "Sitges ESP"]
[Date "2022.12.12"]
[Round "1.43"]
[White "Sochacki, Christophe"]
[Black "Halegua, Dani"]
[Result "1-0"]
[WhiteTitle "GM"]
[WhiteElo "2463"]
[BlackElo "2095"]
[WhiteFideId "662569"]
[BlackFideId "36092398"]
[EventDate "2022.12.12"]

1. e4 e6 2. d4 d5 3. Nc3 Nf6 4. Bg5 h6 5. Bxf6 Qxf6 6. exd5 Bb4 7. Bc4 exd5 8.
Bxd5 O-O 9. Ne2 Nc6 10. a3 Ba5 11. O-O Rd8 12. Ne4 Qg6 13. Bxc6 Bb6 14. Qd3 bxc6
15. c3 c5 16. Nxc5 Bxc5 17. Qxg6 fxg6 18. dxc5 Ba6 19. Rfe1 Rd2 20. Nd4 Rxb2 21.
f3 Rab8 22. h4 Bc4 23. Kh2 Rd2 24. Re7 Rbb2 25. Rg1 Ra2 26. Rxc7 Rxa3 27. Kg3
Rxc3 28. Re1 Rxd4 29. Re8+ Kh7 30. Rcc8 g5 31. h5 g6 32. Re7+ Bf7 33. Rxf7# 1-0

[Event "9th Sunway Sitges 2022"]
[Site "Sitges ESP"]
[Date "2022.12.12"]
[Round "1.44"]
[White "Nikolov, Yavor"]
[Black "Fernandez Guillen, Ernesto J."]
[Result "0-1"]
[BlackTitle "IM"]
[WhiteElo "2092"]
[BlackElo "2462"]
[WhiteFideId "2926644"]
[BlackFideId "3512428"]
[EventDate "2022.12.12"]

1. Nf3 Nf6 2. g3 b6 3. Bg2 Bb7 4. O-O g6 5. d3 d5 6. Nbd2 Bg7 7. c3 O-O 8. Qc2
Nbd7 9. b3 c5 10. e4 Qc7 11. Re1 e5 12. Bb2 Rfe8 13. Rad1 Rad8 14. Nf1 c4 15.
bxc4 dxc4 16. dxc4 Nc5 17. N3d2 Nd3 18. Re2 Bf8 19. Ne3 Bc5 20. Nb3 Nxb2 21.
Rxd8 Rxd8 22. Nxc5 Qxc5 23. Qxb2 Bxe4 24. Rd2 Rxd2 25. Qxd2 Kg7 26. h4 Bxg2 27.
Kxg2 Qc6+ 28. Kg1 Qf3 29. a4 Ne4 30. Qe1 Nc5 31. Qa1 Qe2 32. Qb1 Nd3 33. Qc2
Qe1+ 34. Kg2 Qxe3 0-1

[Event "9th Sunway Sitges 2022"]
[Site "Sitges ESP"]
[Date "2022.12.12"]
[Round "1.45"]
[White "Firat, Burak"]
[Black "Bub, Volker"]
[Result "1-0"]
[WhiteTitle "GM"]
[WhiteElo "2460"]
[BlackElo "2091"]
[WhiteFideId "6305881"]
[BlackFideId "4618963"]
[EventDate "2022.12.12"]

1. Nf3 Nf6 2. g3 g6 3. b4 Bg7 4. Bb2 O-O 5. Bg2 d6 6. O-O e5 7. c4 c6 8. d3 a5
9. a3 Qb6 10. Nbd2 axb4 11. axb4 Rxa1 12. Qxa1 Na6 13. c5 dxc5 14. Bxe5 Ne8 15.
Bxg7 Nxg7 16. bxc5 Qxc5 17. Ne4 Qe7 18. Qe5 Qxe5 19. Nxe5 f6 20. Nc4 Bg4 21. Re1
b5 22. Ne3 Bd7 23. Ra1 Nc7 24. Nc5 Be8 25. Rc1 f5 26. Nb3 f4 27. gxf4 Nce6 28.
Bxc6 Nxf4 29. Kf1 Bf7 30. Na5 b4 31. Rb1 Rb8 32. Bb7 b3 33. Nec4 Be6 34. Rxb3
Bh3+ 35. Ke1 Re8 36. e3 Bf5 37. Kd2 Nfe6 38. Bd5 Kf8 39. Rb7 Re7 40. Bh1 Nd8 41.
Rxe7 1-0

[Event "9th Sunway Sitges 2022"]
[Site "Sitges ESP"]
[Date "2022.12.12"]
[Round "1.46"]
[White "Stewart, Ashley"]
[Black "Sardana, Rishi"]
[Result "0-1"]
[BlackTitle "IM"]
[WhiteElo "2090"]
[BlackElo "2460"]
[WhiteFideId "419001"]
[BlackFideId "25004301"]
[EventDate "2022.12.12"]

1. c4 e5 2. g3 Nf6 3. Bg2 d5 4. cxd5 Nxd5 5. Nc3 Nf6 6. d3 Nc6 7. Nf3 h6 8. a3
a5 9. O-O Bd6 10. Nd2 O-O 11. Nde4 Nxe4 12. Nxe4 Be6 13. Be3 a4 14. Rc1 f5 15.
Nxd6 cxd6 16. Qd2 Qd7 17. d4 Na5 18. d5 Bf7 19. Qb4 b5 20. Rc6 Nxc6 21. dxc6 Qc7
22. Rd1 Rfd8 23. Rd5 Bxd5 24. Bxd5+ Kh8 25. Qh4 Rf8 26. Bg5 Kh7 27. g4 Ra6 28.
gxf5 Rxc6 29. f6 Rc4 30. Bxc4 bxc4 31. Kh1 Qf7 32. f3 d5 33. h3 Qg6 34. fxg7
Qxg7 35. Bd2 Rg8 36. Qf2 Qg3 37. Qxg3 Rxg3 38. Kh2 Rg7 39. Bb4 Rb7 40. Kg3 Rxb4
41. axb4 c3 42. bxc3 a3 43. b5 a2 44. b6 a1=Q 0-1

[Event "9th Sunway Sitges 2022"]
[Site "Sitges ESP"]
[Date "2022.12.12"]
[Round "1.47"]
[White "Woodward, Andy"]
[Black "Salinas Tomas, Daniel"]
[Result "1-0"]
[WhiteTitle "IM"]
[WhiteElo "2457"]
[BlackElo "2089"]
[WhiteFideId "30953499"]
[BlackFideId "24597716"]
[EventDate "2022.12.12"]

1. d4 Nf6 2. c4 e6 3. g3 Bb4+ 4. Bd2 Be7 5. Bg2 d5 6. Nf3 O-O 7. Qc2 c6 8. O-O
b6 9. Bf4 Bb7 10. Nbd2 Nbd7 11. e4 c5 12. cxd5 exd5 13. e5 Ne8 14. h4 Nc7 15.
Ng5 Bxg5 16. Bxg5 Qe8 17. dxc5 bxc5 18. Nc4 Ba6 19. Nd6 Qxe5 20. Bf4 Qf6 21.
Rfd1 Ne6 22. Bxd5 Nxf4 23. gxf4 Rad8 24. Qf5 Qxf5 25. Nxf5 h6 26. Rac1 Nf6 27.
Bf3 Rxd1+ 28. Rxd1 g6 29. Rd6 Bc8 30. Ne3 Kg7 31. Kg2 Be6 32. Ra6 c4 33. Rxa7
Rd8 34. Kg3 Rd2 35. Rb7 Nd7 36. Rb5 c3 37. bxc3 Rxa2 38. c4 Ra3 39. c5 Rc3 40.
c6 Nf6 41. Rb2 Nd5 42. Rc2 Rxc2 43. Nxc2 Nc7 44. Nd4 Bc4 45. f5 g5 46. Nc2 Bb3
47. Ne3 gxh4+ 48. Kxh4 Kf6 49. Kh5 Kg7 50. Ng4 f6 51. Ne3 Bf7+ 52. Kh4 Bb3 53.
Kh5 Bf7+ 54. Kg4 Bb3 55. Ng2 Kf7 56. Kh5 Kg7 57. Nf4 Bf7+ 58. Kh4 Bb3 59. Kh5
Bf7+ 60. Kg4 Bc4 61. Be4 Kf7 62. Ng6 Be2+ 63. Kf4 Bd1 64. Ke3 Ke8 65. Kd4 Kd8
66. Kc5 Bb3 67. Bd3 Bd1 68. Nf4 Bg4 69. Kd6 h5 70. Ne6+ Nxe6 71. fxe6 1-0

[Event "9th Sunway Sitges 2022"]
[Site "Sitges ESP"]
[Date "2022.12.12"]
[Round "1.48"]
[White "Galvan Cipriani, Viviana"]
[Black "Raja, Rithvik R"]
[Result "0-1"]
[WhiteTitle "WFM"]
[BlackTitle "GM"]
[WhiteElo "2088"]
[BlackElo "2453"]
[WhiteFideId "32041144"]
[BlackFideId "35007394"]
[EventDate "2022.12.12"]

1. c4 e6 2. Nc3 d5 3. d4 Bb4 4. Nf3 Nf6 5. cxd5 exd5 6. Qc2 c5 7. a3 Bxc3+ 8.
bxc3 Nc6 9. e3 O-O 10. Be2 Ne4 11. O-O Bf5 12. Qb2 c4 13. Nd2 Nxd2 14. Bxd2 Na5
15. Rae1 Re8 16. f3 Re6 17. e4 dxe4 18. Qb5 e3 19. Bc1 Bc2 20. Bxc4 Nxc4 21.
Qxc4 Rc8 22. Qb5 a6 23. Qb2 Bd3 24. Bxe3 Bxf1 25. Kxf1 Qd5 26. Kf2 h6 27. Rb1
Rce8 28. Re1 b5 29. Bd2 Rxe1 30. Bxe1 Qh5 31. Qd2 Qxh2 32. Qd1 h5 33. d5 Qd6 34.
Qd3 Re5 35. Kf1 Qxd5 36. Qxd5 Rxd5 37. Ke2 g5 38. Bf2 f6 39. Bd4 Kf7 40. Kd3 h4
41. c4 bxc4+ 42. Kxc4 Rf5 43. a4 Ke6 44. Bb6 Kd6 45. Kd4 Rf4+ 0-1

[Event "9th Sunway Sitges 2022"]
[Site "Sitges ESP"]
[Date "2022.12.12"]
[Round "1.49"]
[White "Erdogmus, Yagiz Kaan"]
[Black "Verbin, Valentina"]
[Result "1-0"]
[WhiteTitle "IM"]
[WhiteElo "2453"]
[BlackElo "2088"]
[WhiteFideId "44599790"]
[BlackFideId "13905910"]
[EventDate "2022.12.12"]

1. e4 e5 2. Nf3 Nc6 3. Bb5 a6 4. Ba4 Nf6 5. O-O Be7 6. Re1 b5 7. Bb3 O-O 8. h3
Bb7 9. d3 d6 10. c3 Na5 11. Bc2 c5 12. Nbd2 Re8 13. d4 cxd4 14. cxd4 exd4 15.
Nxd4 Bf8 16. b3 Qc7 17. Bb2 d5 18. Nf5 Nxe4 19. Nxe4 dxe4 20. Qg4 g6 21. Bxe4
Bxe4 22. Rxe4 Rxe4 23. Qxe4 Rd8 24. Rc1 Qxc1+ 25. Bxc1 Rd1+ 26. Kh2 Rxc1 27.
Ne7+ Kg7 28. Qe5+ f6 29. Qe6 1-0